Statistics for Fill In the Chuck Norris Joke

Click here to take the quiz!

General Stats

  • This quiz has been taken 76 times
  • The average score is 17 of 28

Answer Stats

HintAnswer% Correct
Chuck Norris knows Victoria's ______Secret
100%
Chuck Norris tells Simon what to __Do
98%
Chuck Norris doesn't dial the wrong number, you pick up the wrong _____Phone
95%
Chuck Norris can drown a ____Fish
81%
Chuck Norris can _____ BrailleSpeak
81%
Chuck Norris doesn't wear a _____, HE decides what time it isWatch
81%
Chuck Norris can win a game of Connect Four in only three _____Moves
80%
Chuck Norris' calendar goes straight from March 31st to April 2nd. Nobody _____ Chuck NorrisFools
78%
When Chuck Norris falls in water, Chuck Norris doesn't get ___, water gets Chuck NorrisWet
76%
Chuck Norris' computer has no _________ button, Chuck Norris doesn't make mistakesBackspace
75%
Chuck Norris counted to ________ - twiceInfinity
75%
Chuck Norris always know the exact ________ of Carmen SanDiegoLocation
73%
When Alexander Graham Bell invented the telephone he had three ______ calls from Chuck NorrisMissed
63%
Chuck Norris can do a wheelie on a ________Unicycle
63%
When Chuck Norris was born he _____ his mom home from the hospitalDrove
59%
Chuck Norris can divide by ____Zero
59%
Chuck Norris can believe it's not ______Butter
56%
Chuck Norris can _____ a Cyclops between the eyePunch
54%
Chuck Norris can slam a _________ doorRevolving
49%
Chuck Norris made a Happy Meal ___Cry
47%
Chuck Norris can sit in the corner of a ________ roomCircular
42%
Chuck Norris can send a ____ _______ using a rotary phoneText Message
42%
Chuck Norris refers to himself in the ______ personFourth
37%
Chuck Norris can find the end of a ______Circle
32%
Chuck Norris can ____ sign languageHear
27%
Fear of spiders is called arachnophobia, fear of tight spaces is called claustrophobia, fear of Chuck Norris is called _____Logic
22%
Chuck Norris will never have a heart attack. His heart isn't nearly _______ enough to attack himFoolish
15%
Chuck Norris can _______ in GermanWhistle
2%

Score Distribution

Percentile by Number Answered

Percent of People with Each Score

Your Score History

You have not taken this quiz